00870nam a2200229 a 450000100100000000500170001000800410002702000180006804000250008608200170011110000510012824500610017926000340024030000210027449000470029550000200034260000430036270000520040583000530045795201150051099900150062500000178820200929145712.0090629s2003 dr 000 0 spa d a8424499310532 aDO-SdBNPbspacBNPHU a923.2bD532l1 aDíez del Corral, Francisco,c1870-19249580110aLenin :buna biografía /cFrancisco Díez del Corral. a[Barcelona], :bFolio,c2003. a415 p. ;c21 cm.0 aBiblioteca ABC: Protagonistas del S.XXv10 aIncluye sumario aLENIN VLADIMIR, LIICHb1870-1924958021 aGarcía de Cortázar, Fernandocpról.95803 0aBiblioteca ABC: Protagonistas del S.XXn1095804 00107-18PDaGRbGRcOId2009-06-29iLF1l0o923.2 D532lp1788-10r2020-06-25w2020-06-25yLFPDZNo se presta c1665d1665